| 000 | 00346nam a22001457a 4500 | ||
|---|---|---|---|
| 999 |
_c8788 _d8788 |
||
| 003 | OSt | ||
| 008 | 200710b ||||| |||| 00| 0 eng d | ||
| 082 | _a615.19 NAM | ||
| 100 | _aNavajji , Chandrashekhar | ||
| 245 | _aMedicinal Chemistry-1 | ||
| 260 |
_aNew Delhi _bNirali |
||
| 300 | _a5.34 | ||
| 650 | _aMedicinal Chemistry | ||
| 942 |
_2ddc _cBK _08 |
||